000 01378nam a2200337Ia 4500
001 ebr10383604
003 CaPaEBR
006 m u
007 cr cn|||||||||
008 100202s2010 inua sb 001 0 eng d
010 _z 2010003135
020 _z9780470525203 (paper/cd-rom : alk. paper)
040 _aCaPaEBR
_cCaPaEBR
035 _a(OCoLC)776986532
050 1 4 _aQA76.3
_b.G6875 2010eb
082 0 4 _a005.8
_222
100 1 _aGraves, Kimberly,
_d1974-
245 1 0 _aCEH
_h[electronic resource] :
_bcertified ethical hacker study guide /
_cKimberly Graves.
250 _a1st ed.
260 _aIndianapolis, IN :
_bWiley,
_c2010.
300 _axxxvii, 392 p. :
_bill.
504 _aIncludes bibliographical references and index.
533 _aElectronic reproduction.
_bPalo Alto, Calif. :
_cebrary,
_d2010.
_nAvailable via World Wide Web.
_nAccess may be limited to ebrary affiliated libraries.
650 0 _aElectronic data processing personnel
_xCertification.
650 0 _aComputer security
_xExaminations
_vStudy guides.
650 0 _aComputer hackers
_xExaminations
_vStudy guides.
650 0 _aComputer networks
_xExaminations
_vStudy guides.
655 7 _aElectronic books.
_2local
710 2 _aebrary, Inc.
856 4 0 _uhttp://site.ebrary.com/lib/rucke/Doc?id=10383604
_zAn electronic book accessible through the World Wide Web; click to view
999 _c204240
_d204240